Every 100,000+ City in The UAE in Order - Statistics

General Stats
  • This quiz has been taken 44 times
    7 since last reset
  • The average score is 7 of 9
Answer Stats
Letter Population City % Correct
A-D 2,206,385 Abu Dhabi
100%
A-A 1,009,419 Al Ain
100%
D 5,701,780 Dubai
100%
A 631,843 Ajman
83%
R-A-K 512,292 Ras Al-Khaimah
83%
S 1,861,174 Sharjah
83%
F 142,906 Fujairah
67%
U-A-Q-A-S 135,008 Umm Al Quwain
67%
K 107,189 Kalba
50%
No matching quizzes found
Score Distribution
Percent of People with Each Score
Percentile by Number Answered
Your Score History
You have not taken this quiz since the last reset